Score 0/20 Timer 05:00
0 Plays Today
% Correct
J'ai ouvert
67.3%
J'ai dormi
66.6%
Je suis tombé
66%
Je recevais
65.5%
J'ai reçu
64.4%
Je dormais
64.2%
Je tombais
63.8%
J'ouvrais
62.6%
J'ai sauté
61.6%
J'ai conduit
61.1%
% Correct
Je sautais
61.1%
Je voulais
60.6%
J'ai voulu
59.3%
Je conduisais
58.8%
Je suis allé
56.9%
J'ai fait
56.6%
J'allais
55.8%
J'ai eu
53.1%
Je faisais
52%
J'avais
51.7%
Remove Ads.
Support Sporcle.
Get the best of Sporcle when you Go Orange. This ad-free experience offers more features, more stats, and more fun while also helping to support Sporcle. Thank you for becoming a member.

You're not logged in!

Compare scores with friends on all Sporcle quizzes.
OR
Log In

Sporcle TV

Today on Sporcle TV


Watch our educational content, quiz creation guides, and fun videos on Sporcle TV.

Show Comments

Extras

Top Quizzes Today


Score Distribution

Paid Content

Your Account Isn't Verified!

In order to create a playlist on Sporcle, you need to verify the email address you used during registration. Go to your Sporcle Settings to finish the process.

Report this User

Report this user for behavior that violates our Community Guidelines.

Details: